|
|
|
|
| LEADER |
00905nam#a2200277#a#4500 |
| 001 |
009513 |
| 003 |
AR-BeUNQ |
| 005 |
20240529170037.0 |
| 008 |
030626s1969####mx##################spa#d |
| 999 |
|
|
|c 11960
|d 87347
|
| 040 |
|
|
|a AR-beUNQ
|e aacr
|
| 099 |
|
|
|a 07-M8
|
| 100 |
1 |
|
|a Miller, David W
|
| 245 |
0 |
0 |
|a Acuerdos ejecutivos e investigación de operaciones
|c David W. Miller ; Martin K. Starr.
|
| 250 |
|
|
|a 1a. ed., 3a. reimpr
|
| 260 |
|
|
|a México, D. F. :
|b Herrero Hermanos Sucesores,
|c 1969
|
| 300 |
|
|
|a 492 p. :
|b tablas
|
| 490 |
0 |
|
|a Serie internacional para la dirección
|
| 650 |
|
7 |
|a TOMA DE DECISIONES
|2 Spines
|
| 650 |
|
7 |
|a INVESTIGACION OPERATIVA
|2 Spines
|
| 650 |
|
7 |
|a TEORIA DE LA DECISION
|2 Spines
|
| 650 |
|
7 |
|a GESTION
|2 Spines
|
| 650 |
|
7 |
|a DIRECTORES
|2 Spines
|
| 700 |
1 |
|
|a Starr, Martin K
|
| 929 |
|
|
|a COMPRA
|b Felipe Orlando
|d 30,00E
|e 20030624
|f patrimonio
|j 34055
|i 20240529
|
| 942 |
|
|
|c LIB
|n 0
|